000 00305nam a22001457a 4500
008 230907b ||||| |||| 00| 0 eng d
020 _a9780521300384
041 _aeng
080 _a521
082 _a521MUR
100 _a19
101 _aASTRO
245 _aSUPERNOVAE
_cMURDIN.L.P
942 _2udc
_cBK
999 _c60298
_d60298